Subdivision centers closest to Veles (MK) - Statistics

General Stats
  • This quiz has been taken 12 times
  • The average score is 8 of 20
Answer Stats
Distance (km) Answer % Correct
2 42 Skopje
100%
15 117 Prishtina/Priština
67%
6 85 Bitola
33%
14 114 Blagoevgrad
33%
8 89 Ferizaj/Uroševac
33%
17 134 Gjakova/Đakovica
33%
7 87 Gjilan/Gnjilane
33%
10 98 Kjustendil
33%
20 148 Korçë
33%
16 120 Kukës
33%
3 47 Kumanovo
33%
19 143 Leskovac
33%
12 106 Ohrid
33%
18 142 Pernik
33%
13 112 Peshkopi
33%
11 102 Prizren
33%
1 34 Štip
33%
5 78 Strumica
33%
4 74 Tetovo
33%
9 94 Vranje
33%
No matching quizzes found
Score Distribution
Percent of People with Each Score
Percentile by Number Answered
Your Score History
You have not taken this quiz